00433nam a2200169Ia 450000500170000000800410001702000180005804100080007608200150008410000180009924500240011726000380014130000090017950000290018865000280021770000180024520251118133838.0230125s9999 xx 000 0 und d a0-07-059623-9 aeng a158.1bSCH aSchalkwyk J V aOn track to the top c2004bTata McGraw HillaNew Delhi a197p aPersonality Development, aPersonality Development aSchalkwyk J V